00331nam a2200133Ia 4500008004100000020001500041041001200056082001600068100001500084245003900099260003900138300000800177650001200185221030s9999 xx 000 0 und d a9971512386 aEnglish a105.23bRes aR. Resnick 0aIntroduction to Special Relativity bJohn Wiley & SonsaSingaporec2000 a226 aPhysics